Every Europa League Winner - Statistics

General Stats
  • This quiz has been taken 24 times
    7 since last reset
  • The average score is 26 of 53
Answer Stats
Year Answer % Correct
1992 Ajax
100%
2013 Chelsea
83%
2019 Chelsea
83%
1991 Inter Milan
83%
1994 Inter Milan
83%
1998 Inter Milan
83%
1977 Juventus
83%
1990 Juventus
83%
1993 Juventus
83%
2003 Porto
83%
2011 Porto
83%
2006 Sevilla
83%
2007 Sevilla
83%
2014 Sevilla
83%
2015 Sevilla
83%
2016 Sevilla
83%
2020 Sevilla
83%
2023 Sevilla
83%
1985 Real Madrid
67%
1986 Real Madrid
67%
2024 Atalanta
50%
1996 Bayern
50%
1974 Feyenoord
50%
2002 Feyenoord
50%
1980 Frankfurt
50%
2022 Frankfurt
50%
1973 Liverpool
50%
1976 Liverpool
50%
2001 Liverpool
50%
1989 Napoli
50%
1978 PSV
50%
1997 Schalke
50%
1972 Tottenham
50%
1984 Tottenham
50%
1983 Anderlecht
33%
2017 Man Utd
33%
1975 Monchengladbach
33%
1979 Monchengladbach
33%
2004 Valencia
33%
2008 Zenit
33%
2010 Athletico Madrid
17%
2012 Athletico Madrid
17%
2018 Athletico Madrid
17%
2005 CSKA Moscow
17%
2021 Villareal
17%
1988 Bayer Leverkusen
0%
2000 Galatasary
0%
1982 IFK
0%
1987 IFK
0%
1981 Ipswich
0%
1995 Parma
0%
1999 Parma
0%
2009 Shaktar Donetsk
0%
No matching quizzes found
Score Distribution
Percent of People with Each Score
Percentile by Number Answered
Your Score History
You have not taken this quiz since the last reset